| 000 | 01626cam a2200349 a 4500 | ||
|---|---|---|---|
| 001 | EDZ0000019118 | ||
| 003 | StDuBDS | ||
| 005 | 20161031105211.0 | ||
| 006 | m||||||||d|||||||| | ||
| 007 | cr ||||||||||| | ||
| 008 | 110107s2008 caua fo 001|0|eng d | ||
| 020 |
_a9781412976688 (ebook) : _cNo price |
||
| 040 |
_aStDuBDS _beng _cStDuBDS _epn |
||
| 049 | _aAlfaisal Main Library | ||
| 050 | 4 | _aHF5549.17 | |
| 082 | 0 | 4 |
_a658.300711 _222 |
| 245 | 0 | 4 |
_aThe handbook of human resource management education _h[electronic resource] : _bpromoting an effective and efficient curriculum / _cVida Gulbinas Scarpello, editor. |
| 260 |
_aLos Angeles, [Calif.] ; _aLondon : _bSAGE, _cc2008. |
||
| 300 |
_a1 online resource (xv, 464 p.) : _bill. |
||
| 520 | 8 | _aScarpello provides an aid to discussion of the curriculum necessary to educate Human Resource Management students so that they are successful in their future careers and aid their organisations and society in developing, maintaining, and innovating effective and efficient HRM practices. | |
| 521 | _aSpecialized. | ||
| 588 | _aDescription based on print version record. | ||
| 504 | _aIncludes bibliographical references and index. | ||
| 650 | 0 |
_aPersonnel management _vHandbooks, manuals, etc. |
|
| 650 | 0 |
_aPersonnel management _xVocational guidance _vHandbooks, manuals, etc. |
|
| 655 | 7 |
_aElectronic books. _2local |
|
| 700 | 1 |
_aScarpello, Vida Gulbinas, _d1940- |
|
| 710 | 2 | _aSage eBooks | |
| 776 | 0 | 8 |
_iPrint version : _z9781412954907 |
| 856 | 4 | 0 | _uhttp://ezproxy.alfaisal.edu/login?url=http://sk.sagepub.com/reference/hdbk_hreducation |
| 942 |
_2lcc _cEBOOKS |
||
| 999 |
_c481534 _d481534 |
||